00359nam a2200145Ia 4500008004100000020001500041041001200056082001600068100001800084245005400102260002500156300000800181650000700189700001700196221030s9999 xx 000 0 und d a8120312635 aEnglish a105.23bKot aD. P. Kothari 0aTheory & Problems of Basic Electrical engineering bPHIaNew Delhic1998 a510 aEE aI. J Nagrath